000 00803nam a2200229Ii 4500
003 JO-AjNU
008 230605s9999||||xx |||||||||||||| ||und||
017 _a2017/7/3194
020 _a978-9957-68-700-7
040 _aJO-AjNU
_bara
_erda
_cJO-AjNU
041 _aara
050 1 4 _aLB2846.Y37 2018
100 3 _aالياسري، محمد جاسم,
_eauthor
_959990
245 0 0 _aمبادى الاحصاء التربوي: مدخل في الاحصاء الوصفي والاستدلالي
250 _aط1
264 3 1 _aعمان: دار صفاء للنشر والتوزيع، 2018
300 _a376ص
_bيحتوي على جداول
336 _atext
_btxt
_2rdacontent
337 _aunmediated
_bn
_2rdamedia
338 _avolume
_bnc
_2rdacarrier
650 4 _aالاحصاء- التربية
_959991
999 _aA27024
_c30592
_d30592